बर्फ से घिरा मकान/ (Record no. 199064)

MARC details
000 -LEADER
fixed length control field 00708nam a22001817a 4500
005 - DATE AND TIME OF LATEST TRANSACTION
control field 20231114105200.0
010 ## - LCCN (DPL NO)
LC control number HIN-126304
020 ## - INTERNATIONAL STANDARD BOOK NUMBER
International Standard Book Number 9789388793544
Terms of availability 250.00
035 ## - SYSTEM CONTROL NUMBER
System control number HN-98650
037 ## - SOURCE OF ACQUISITION
Source of stock number/acquisition DBAD/PUB
082 ## - DEWEY DECIMAL CLASSIFICATION NUMBER
Classification number
100 ## - MAIN ENTRY--PERSONAL NAME
Personal name बाथम,प्रकाश
245 ## - TITLE STATEMENT
Title बर्फ से घिरा मकान/
Statement of responsibility, etc प्रकाश बाथम
260 ## - PUBLICATION, DISTRIBUTION, ETC. (IMPRINT)
Place of publication, distribution, etc गाज़ियाबाद
Name of publisher, distributor, etc के एल पचौरी प्रकाशन
Date of publication, distribution, etc 2021
270 ## - ADDRESS
Address डी -8 इंद्रापुरी लोनी
City गाज़ियाबाद
Postal code 201102
300 ## - PHYSICAL DESCRIPTION
Extent 144 पृष्ठ
Dimensions 23 (सजिल्द)
942 ## - ADDED ENTRY ELEMENTS (KOHA)
Item type Hindi Books
Classification part
Source of classification or shelving scheme Dewey Decimal Classification
Call number suffix बाथम
Holdings
Withdrawn status Lost status Not for loan Collection code Home library Current library Date acquired Source of acquisition Cost, normal purchase price Full call number Barcode Copy number Cost, replacement price Koha item type
      Fiction Bawana Bawana 14/11/2023 DBAD/PUB 250.00 क बाथम HN-98650 1 250.00 Hindi Books

© Delhi Public Library
Hit Counter
free hit counter